| 000 | 00634nam a2200217 a 4500 | ||
|---|---|---|---|
| 001 | 000033461 | ||
| 003 | DO-SdBNP | ||
| 005 | 20220728105951.0 | ||
| 007 | ta | ||
| 008 | 110830s1904 dr c 000 0 spa d | ||
| 040 |
_aDO-SdBNP _bspa _cBNPHU |
||
| 082 |
_axxx _bB598e |
||
| 100 |
_aBillini, Miguel _958998 |
||
| 245 | 1 | 0 |
_aEstela : _bnovela sociologica / _cMiguel Billini. |
| 260 |
_aSanto Domingo : _bListín Diario, _c1904. |
||
| 300 |
_a148 p. : _bretr. ; _c21 cm. |
||
| 590 | _aInventariado, 2022/ YL | ||
| 590 | _aPerteneció a la biblioteca personal de Carlos Larrazábal Blanco. | ||
| 910 | _aYLockward | ||
| 942 |
_2ddc _cLBS1 |
||
| 999 |
_c32952 _d32952 |
||